Litigation Skills for South African Lawyers / (Record no. 1313)

MARC details
000 -LEADER
fixed length control field 00571nam a22001817a 4500
005 - DATE AND TIME OF INPUT
control field 20240131091902.0
008 - DATA ELEMENTS--GENERAL INFORMATION
fixed length control field 240131b |||||||| |||| 00| 0 eng d
020 ## - INTERNATIONAL STANDARD BOOK NUMBER
International Standard Book Number 9780639010366 ; 9780639010373
041 ## - LANGUAGE CODE
Language code of text English
082 ## - SHELF NUMBER
DDC number 347 MAR
100 ## - MAIN AUTHOR
Main author's name Marnewick, CG
Language of a work English
245 ## - TITLE STATEMENT
Title Litigation Skills for South African Lawyers /
Statement of responsibility, etc. CG Marnewick
250 ## - EDITION STATEMENT
Edition statement First Edition
260 ## - PUBLICATION, DISTRIBUTION, ETC.
Place of publication, distribution, etc. Durban :
Name of publisher, distributor, etc. LexisNexis (Pty) Ltd,
Date of publication, distribution, etc. 2019
300 ## - PHYSICAL DESCRIPTION
Other physical details xxi, 534 pages ;
Dimensions 25 cm.
650 ## - SUBJECT`
Broad subject Legal practice
Own subject terms Law
942 ## - ADDED ENTRY ELEMENTS (KOHA)
Item type Books
942 ## - ADDED ENTRY ELEMENTS (KOHA)
-- ALISON_BN_VRIES
Holdings
Source of classification or shelving scheme Not for loan Collection code Home library Current library Shelving location Date acquired Full call number Barcode Price effective from Koha item type
Dewey Decimal Classification   TEXT BOOKS LAW SOCIETY OF NAMIBIA LIBRARY - WINDHOEK LAW SOCIETY OF NAMIBIA LIBRARY - WINDHOEK Civil Procedure and Court 01/31/2024 347 MAR LSN/2022/63 01/31/2024 Books